000 00390nam a2200169Ia 4500
005 20250423095347.0
008 250422s9999 xx 000 0 und d
020 _a0073032603
050 _aHG 181 .S33/
100 _aSuanders, Anthony
245 0 _aFinancial institutions Management
260 _aBoston
260 _bMcGraw Hill
260 _c2000
300 _a413 p
942 _cBK
999 _c30038
_d30038